Jean coupe-en-deux / (Record no. 53107)

MARC details
000 -LEADER
campo de control de longitud fija 00445nam a22001575i 4500
001 - NÚMERO DE CONTROL
campo de control 53107
003 - IDENTIFICADOR DE NÚMERO DE CONTROL
campo de control ES-MaACL
007 - CAMPO FIJO DE DESCRIPCIÓN FÍSICA--INFORMACIÓN GENERAL
campo de control de longitud fija t|
008 - DATOS DE LONGITUD FIJA--INFORMACIÓN GENERAL
campo de control de longitud fija 960201s1887 fr ||||1| lat d
040 ## - FUENTE DE CATALOGACIÓN
Centro catalogador/agencia de origen CAM
Lengua de catalogación spa
Centro/agencia transcriptor CCPB | SIC
100 1# - ENTRADA PRINCIPAL--NOMBRE DE PERSONA
Nombre de persona Du Boisgobey, Fortuné.
9 (RLIN) 45695
245 10 - MENCIÓN DEL TÍTULO
Título Jean coupe-en-deux /
Mención de responsabilidad, etc. par Fortuné du Boisgobey.
260 ## - PUBLICACIÓN, DISTRIBUCIÓN, ETC.
Lugar de publicación, distribución, etc. Paris :
Nombre del editor, distribuidor, etc. E. Dentú,
Fecha de publicación, distribución, etc. 1887 (
Fabricante Imp. F. Aureau)
300 ## - DESCRIPCIÓN FÍSICA
Extensión 359 p. ;
Dimensiones 18 cm.
852 ## - LOCALIZACIÓN
Ubicación ES-MaACL
Número de control de estantería G-10712
Holdings
Estatus retirado Estado de pérdida Estado de daño No para préstamo Colección Biblioteca de origen Biblioteca actual Ubicación en estantería Fecha de adquisición Fuente de adquisición Total de préstamos Signatura topográfica completa Código de barras Visto por última vez Precio de reemplazo Tipo de ítem Koha
        Libros del s. XIX Biblioteca del Ateneo de Madrid Biblioteca del Ateneo de Madrid Sala Pecera Planta 3 17/01/2008     G-10712 1055803 23/02/2023 23/02/2023 Libro impreso antiguo